000 00304nam a2200097Ia 4500
008 220204s9999 xx 000 0 und d
082 _a339.1(540)
_bIND.1
245 0 _aIndia - Handbook of commercial information. V 1
260 _aCalcutta
_bDept of Commercial Intelligence and Statistics
_c1963
942 _cBK
999 _c20072
_d20072